Vida y misterio de Jesús de Nazaret I : (Record no. 197000)

MARC details
000 -LEADER
campo de control de longitud fija 01234nam a2200325 i 4500
001 - NÚMERO DE CONTROL
campo de control 197000
003 - IDENTIFICADOR DE NÚMERO DE CONTROL
campo de control ES-VlRAB
005 - FECHA Y HORA DE LA ÚLTIMA TRANSACCIÓN
campo de control 20250810063100.0
008 - DATOS DE LONGITUD FIJA--INFORMACIÓN GENERAL
campo de control de longitud fija 250218s1986 sp 000 0 spa d
017 ## - NÚMERO DE COPYRIGHT O DE DEPÓSITO LEGAL
Número de copyright o de depósito legal S 451-1995
Agencia que asigna Oficina Depósito Legal Salamanca
020 ## - NÚMERO INTERNACIONAL ESTÁNDAR DEL LIBRO
Número Internacional Estándar del Libro 8430109943
Información calificativa Obra completa
020 ## - NÚMERO INTERNACIONAL ESTÁNDAR DEL LIBRO
Número Internacional Estándar del Libro 8430109935
Información calificativa Tomo I
040 ## - FUENTE DE CATALOGACIÓN
Centro catalogador/agencia de origen VA-BCL,
Lengua de catalogación spa
Centro/agencia transcriptor ES-MaACL
080 ## - NÚMERO DE LA CLASIFICACIÓN DECIMAL UNIVERSAL
Número de la Clasificación Decimal Universal 232.9
100 1# - ENTRADA PRINCIPAL--NOMBRE DE PERSONA
Nombre de persona Martín Descalzo, José Luis,
Fechas asociadas al nombre 1930-1991
9 (RLIN) 77470
Término indicativo de función/relación Autor
245 10 - MENCIÓN DEL TÍTULO
Título Vida y misterio de Jesús de Nazaret I :
Resto del título los comienzos /
Mención de responsabilidad, etc. José Luis Martín Descalzo.
260 ## - PUBLICACIÓN, DISTRIBUCIÓN, ETC.
Lugar de publicación, distribución, etc. Salamanca :
Nombre del editor, distribuidor, etc. Sígueme,
Fecha de publicación, distribución, etc. 1986-
300 ## - DESCRIPCIÓN FÍSICA
Extensión 347 páginas ;
Dimensiones 21 cm.
336 ## - TIPO DE CONTENIDO
Fuente rdacontent
Término de tipo de contenido texto
337 ## - TIPO DE MEDIO
Fuente rdamedia
Nombre/término del tipo de medio sin mediación
338 ## - TIPO DE SOPORTE
Fuente rdacarrier
Nombre/término del tipo de soporte volumen
490 1# - MENCIÓN DE SERIE
Mención de serie Nueva Alianza ;
Designación de volumen o secuencia 103
505 1# - NOTA DE CONTENIDO CON FORMATO
Nota de contenido con formato Contiene: I. Los comienzos (347 páginas)
600 07 - PUNTO DE ACCESO ADICIONAL DE MATERIA--NOMBRE DE PERSONA
Nombre de persona Jesucristo-
Subdivisión general Biografías
9 (RLIN) 140032
852 ## - LOCALIZACIÓN
Ubicación ES-MaACL
Ubicación en estantería Depósito J
Número de control de estantería N-10372
Encuadernación Encuadernación rústica con solapas
itemnumber 206494
Donativo/Legado Donación: Editorial
942 ## - ELEMENTOS DE ENTRADA SECUNDARIOS (KOHA)
Tipo de ítem Koha Libro impreso
Suprimir en OPAC No
Holdings
Estatus retirado Estado de pérdida Fuente del sistema de clasificación o colocación Estado de daño No para préstamo Biblioteca de origen Biblioteca actual Ubicación en estantería Fecha de adquisición Fuente de adquisición Total de préstamos Signatura topográfica completa Código de barras Visto por última vez Precio de reemplazo Tipo de ítem Koha
    Clasificación decimal universal     Biblioteca del Ateneo de Madrid Biblioteca del Ateneo de Madrid Depósito J 08/08/2025 Donación   N-10372 2025-0873 08/08/2025 08/08/2025 Libro impreso